000 01204nam a2200301 u 4500
001 000002936
005 20200929150305.0
008 090706s1996 dr a 000 0 spa d
020 _a8489548153
040 _aDO-SdBNP
_bspa
_cBNPHU
082 _a333.73
_bU86t
245 0 0 _aUso de la tierra y producción de alimentos de la República Dominicana /
_cPedro Juan del Rosario... [et al.].
260 _aSantiago de los Caballeros, República Dominicana :
_bPUCMM, CEUR,
_c1996.
300 _a267p. :
_bil. ; graf. ;
_c23 cm.
490 1 _aEstudios
_v180
590 _aInventariado, 2018/LP
650 4 _aUso de la tierra
_zRepública Dominicana
_99320
650 4 _aAbastecimento de alimentos
_zRepública Dominicana
_99321
650 4 _aCuotas de producción agrícola
_99322
700 1 2 _aRosario, Pedro Juan del,
_99323
700 1 2 _aSchorgmayer, Helmut
_99324
700 1 2 _aGeilfus, Frans
_99325
700 1 2 _aPierre, Luc St.
_99326
700 1 2 _aHernández, José Miguel
_99327
710 2 _aPontificia Universidad Católica Madre y Maestra (República Dominicana).
_bCentro de Estudios Urbanos y Regionales
_99328
830 0 _aEstudios ;
_n180
_99329
910 _aValidado. Control de calidad MFF
999 _c2769
_d2769